000 01123nam a2200229Ii 4500
003 JO-AjNU
005 20260414052933.0
008 230605s9999||||xx |||||||||||||| ||und||
017 _a2015/8/4173
040 _aJO-AjNU
_bara
_erda
_cJO-AjNU
041 _aara
050 1 4 _aDS154.53.W37 2015
100 3 _aعبدالله بن الحسين ملك الاردن، 1921-1951؛ إشراف محمد عدنان البخيت؛ جمع وإعداد هند غسان أبو الشعر؛ المتابعة والتنسيق باسل غازي الجغامين,
_eauthor
_955915
245 0 0 _aمخرج /بموجب مستند اخراجات الكتب رقم 70
264 3 1 _aالجامعة الاردنية: مركز الوثائق والمخطوطات ودراسات بلاد الشام، 2016
300 _aمج20، 243ص
336 _atext
_btxt
_2rdacontent
337 _aunmediated
_bn
_2rdamedia
338 _avolume
_bnc
_2rdacarrier
650 4 _aالاردن - تاريخ - عبدالله بن الحسين الاول 1882 -1951- معاهدات واتفاقيات شرقي الاردن (1931-1938م)
_955916
942 _2lcc
_cREF
999 _c28538
_d28538